[Event "KAZ Independence rapid"]
[Site "Almaty"]
[Date "2019.12.01"]
[Round "1"]
[White "Syzdykov, Sabyr"]
[Black "Malakhatko, Vadim"]
[Result "0-1"]
[WhiteElo "2040"]
[BlackElo "2470"]
[PlyCount "60"]
[EventDate "2019.12.01"]
[EventType "swiss (rapid)"]
[EventRounds "9"]
[EventCountry "KAZ"]
[SourceTitle "CBM 193 Extra"]
[Source "ChessBase"]
[SourceDate "2020.01.31"]
[SourceVersion "1"]
[SourceVersionDate "2020.01.31"]
[SourceQuality "1"]

1. d4 g6 2. e4 Bg7 3. Nc3 d6 4. f4 e6 5. Nf3 Ne7 6. Bd3 a6 7. Be3 b5 8. 0-0 Nd7 9. f5 exf5 10. exf5 Nf6 11. fxg6 hxg6 12. Qd2 Bb7 13. a3 Qd7 14. Ng5 Nf5 15. Bxf5 gxf5 16. Qd3 Ne4 17. Ngxe4 fxe4 18. Nxe4 0-0-0 19. Ng3 Qc6 20. d5 Qxd5 21. Qxd5 Bxd5 22. Nf5 Rde8 23. Bg5 Bxb2 24. Rab1 Bxa3 25. Ne7+ Rxe7 26. Bxe7 Bc5+ 27. Kh1 Rg8 28. h4 Rxg2 29. Rf5 Bc6 30. Rbf1 Rf2+ 0-1

[Event "Wch Seniors 65 29th"]
[Site "Bucharest"]
[Date "2019.11.15"]
[Round "4"]
[White "Schulz, Michael"]
[Black "Syzdykov, Sabyr"]
[Result "1/2-1/2"]
[WhiteElo "2138"]
[BlackElo "2004"]
[PlyCount "96"]
[EventDate "2019.11.12"]
[EventType "swiss"]
[EventRounds "11"]
[EventCountry "ROU"]
[SourceTitle "CBM 193 Extra"]
[Source "ChessBase"]
[SourceDate "2020.01.31"]
[SourceVersion "1"]
[SourceVersionDate "2020.01.31"]
[SourceQuality "1"]

1. d4 Nf6 2. Bg5 e6 3. Nd2 Be7 4. e3 d5 5. Bd3 c5 6. c3 Nc6 7. Ngf3 Nd7 8. Bxe7 Qxe7 9. 0-0 0-0 10. e4 dxe4 11. Nxe4 cxd4 12. cxd4 Nf6 13. Qe2 Rd8 14. Rad1 Bd7 15. a3 Be8 16. Bb1 g6 17. Qe3 Nxe4 18. Bxe4 Rd6 19. h4 Rad8 20. h5 Qf6 21. hxg6 hxg6 22. Bxc6 Bxc6 23. Ne5 Kg7 24. Rd3 Bb5 25. Ng4 Qh4 26. Qe5+ Kf8 27. Qxb5 Qxg4 28. Qxb7 Rxd4 29. Rf3 R4d7 30. Qb3 Qe4 31. Qc3 Qd4 32. Qc1 a5 33. Re1 Kg8 34. b3 Rd5 35. Qc7 R8d7 36. Qb8+ Rd8 37. Qc7 R8d7 38. Qb8+ Kg7 39. Rh3 Rd8 40. Qc7 Rc5 41. Qe7 Rf5 42. Rf1 Rh8 43. Rxh8 Kxh8 44. Qf8+ Kh7 45. b4 a4 46. Qe8 Qa7 47. Qc6 Kg7 48. Qc3+ Kg8 1/2-1/2